00623nam a2200157Ia 4500008004100000100002300041245006200064245011400126260004900240260001300289300001000302650001300312856004800325999001900373952007300392170221s9999 xx 000 0 und d aM. Wayne Alexander aTrade in the Ancient Near East: Lagasˌ, Ur, Larsa, Mari  cM. Wayne Alexander, Minnesota State University Moorhead; William Violet, Minnesota State University Moorhead. bJournal of Management and Marketing Research cMay 2016 a5 : 2 xBusiness uhttp://www.aabri.com/manuscripts/152283.pdf c309868d309868 001040aCLbCLd2017-02-21l0r2017-02-21 00:00:00w2017-02-21yFOJ